000
00258nam a2200097Ia 4500
001
921874
005
20250826191434.0
008
250824s9999 xx 000 0 und d
245
0
_a
BÖYLE ŞEYLER FİLMLERDE OLUR
_c
İBRAHİM KARAGÜL
260
_b
KETEBE YAYINLARI
999
_c
921874
_d
921874